| 000 | 00434nam a2200181Ia 4500 | ||
|---|---|---|---|
| 001 | 2715 | ||
| 005 | 20260306144827.0 | ||
| 008 | 260306t2011||||xx |||||||||||||| ||spa|| | ||
| 041 | _aESP | ||
| 082 |
_a215.1 _bN49 |
||
| 100 |
_aNewman, Jhon Henry _eAUT |
||
| 245 | 0 | _aCristianismo y ciencias en la universidad | |
| 260 | _c2011 | ||
| 300 |
_a113 páginas : _c18 cm. |
||
| 650 | _aGEN | ||
| 654 | _aCHU | ||
| 942 |
_cLIB _dJUS _fJUS _2ddc _n |
||
| 999 |
_c2715 _d2715 |
||